Central Library OPAC University of Rajshahi

Industrial relations / (Record no. 58428)

MARC details
000 -LEADER
fixed length control field 00868nam a2200265 a 4500
001 - CONTROL NUMBER
control field 58428
003 - CONTROL NUMBER IDENTIFIER
rucl marc code BD-RJUL
005 - DATE AND TIME OF LATEST TRANSACTION
control field 20211209080623.0
008 - FIXED-LENGTH DATA ELEMENTS--GENERAL INFORMATION
fixed length control field 161218s1968 enk b 000 0 eng d
020 ## - INTERNATIONAL STANDARD BOOK NUMBER
International Standard Book Number 0434912603
035 ## - SYSTEM CONTROL NUMBER
System control number BD-RJUL 58552
040 ## - CATALOGING SOURCE
Original cataloging agency DLC
Transcribing agency DLC
Modifying agency UKM
-- EQO
Language of cataloging eng
041 ## - LANGUAGE CODE
Language code of text/sound track or separate title eng
082 ## - DEWEY DECIMAL CLASSIFICATION NUMBER
Classification number 331
Edition number 23
Author mark and year MOI 1968
100 1# - MAIN ENTRY--PERSONAL NAME
Personal name Mortimer, J. E.
Fuller form of name (James Edward),
Dates associated with a name 1921-2013.
9 (RLIN) 173539
245 10 - TITLE STATEMENT
Title Industrial relations /
Statement of responsibility, etc. [by] J. E. Mortimer
260 ## - PUBLICATION, DISTRIBUTION, ETC. (IMPRINT)
Place of publication, distribution, etc. London :
Name of publisher, distributor, etc. Published in association with the Institute of Supervisory Management [by] Heinemann,
Date of publication, distribution, etc. 1968
300 ## - PHYSICAL DESCRIPTION
Pagination [11], 114 p. ;
Size 23 cm
490 1# - SERIES STATEMENT
Series statement The Supervisor's bookshelf
650 #0 - SUBJECT ADDED ENTRY--TOPICAL TERM
Topical term or geographic name as entry element Industrial relations
9 (RLIN) 172462
710 2# - ADDED ENTRY--CORPORATE NAME
Corporate name or jurisdiction name as entry element Institute of Supervisory Management.
9 (RLIN) 173540
830 #4 - SERIES ADDED ENTRY--UNIFORM TITLE
Uniform title The Supervisor's bookshelf
942 ## - ADDED ENTRY ELEMENTS (KOHA)
Source of classification or shelving scheme Dewey Decimal Classification
Koha item type Books
Holdings
Lost status Source of classification or shelving scheme Damaged status Not for loan Collection code Permanent Location Current Location Shelving location Date acquired Source of acquisition Cost, normal purchase price Total Checkouts Full call number Date last seen Copy number Koha item type
  Dewey Decimal Classification   Not For Loan Non-fiction Central Library, University of Rajshahi Central Library, University of Rajshahi Reading Room 05/07/1973 Oxford University Press 13.75   331 MOI 1968 18/12/2016 C-1 Books